000 00695nam a22002057a 4500
003 BD-DhJNU
005 20250129061445.0
008 250129b |||||||| |||| 00| 0 eng d
020 _a9789840516345
040 _aBD-DhJNU
_bENG
_cBD-DhJNU
_dBD-DhJNU
082 _223
_a320.95492 SAP
100 _aSamaddar, Raṇabir
245 _aParadoxes of the nationalist time :
_bpolitical essays on Bangladesh /
_cRanabir Samaddar
260 _aDhaka :
_bThe University Press,
_c2002.
300 _axii, 188 p. :
_bill. ;
_c22 cm.
504 _aIncludes bibliographical references and index.
650 _aNationalism Bangladesh
650 _aBangladesh Politics and government
942 _2ddc
_cBK
_n0
999 _c1194
_d1194